[Event "XXXIV Memorial Edoardo Crespi A"]
[Site "Milano ITA"]
[Date "2013.12.07"]
[Round "4"]
[White "Pedemonte, Claudio"]
[Black "Brambilla, Luca Massimo"]
[WhiteElo "1846"]
[BlackElo "1704"]
[Result "1-0"]
[PlyCount "89"]
[EventDate "2013.12.04"]

1. c4 e5 2. Nc3 Nf6 3. g3 Nc6 4. Bg2 Bc5 5. Nf3 O-O 6. O-O Re8 7. d3 h6 8. Ne1
Nd4 9. e3 Nf5 10. Nc2 c6 11. b4 Bf8 12. a4 d5 13. c5 d4 14. exd4 Nxd4 15. Ne3
Be6 16. Bb2 a5 17. b5 Bxc5 18. bxc6 bxc6 19. Ne4 Nxe4 20. Bxe4 Qd7 21. Rc1 Nb3
22. Rc2 Rac8 23. Nc4 f6 24. Qh5 Qa7 25. Qg6 Red8 26. Qh7+ Kf8 27. Bxe5 fxe5 28.
Nxe5 Bd4 29. Nxc6 Qd7 30. Nxd4 Nxd4 31. Rb2 Bg8 32. Qh8 Rc7 33. Rfb1 Rdc8 34.
Kg2 Rc1 35. Rxc1 Rxc1 36. Rb7 Qg4 37. Bd5 Rg1+ 38. Kxg1 Ne2+ 39. Kf1 Nxg3+ 40.
hxg3 Qh3+ 41. Ke2 Qh5+ 42. Bf3 Qe5+ 43. Kf1 Qa1+ 44. Kg2 Qxa4 45. Rb8+ 1-0

[Event "XXXIV Memorial Edoardo Crespi A"]
[Site "Milano ITA"]
[Date "2013.12.07"]
[Round "4"]
[White "Pedroni, Marco"]
[Black "Corso, Gabriele"]
[WhiteElo "1923"]
[BlackElo "1769"]
[Result "0-1"]
[PlyCount "42"]
[EventDate "2013.12.04"]

1. e4 e5 2. Nf3 Nf6 3. Nc3 Nc6 4. d4 exd4 5. Nxd4 Bb4 6. Nxc6 bxc6 7. Bd3 d5 8.
exd5 cxd5 9. O-O O-O 10. Bg5 Be6 11. Bxf6 Qxf6 12. Ne2 Bd6 13. c3 c5 14. Ng3
Qh4 15. Re1 Rae8 16. Qf3 g6 17. Rad1 Bg4 18. Qxd5 Bxd1 19. Rxe8 Rxe8 20. Qxd6
Rd8 21. Qxc5 Rxd3 0-1

[Event "XXXIV Memorial Edoardo Crespi A"]
[Site "Milano ITA"]
[Date "2013.12.07"]
[Round "4"]
[White "Ranfagni, Stefano"]
[Black "Prevedello, Daniele"]
[WhiteElo "2015"]
[BlackElo "1769"]
[Result "0-1"]
[PlyCount "86"]
[EventDate "2013.12.04"]

1. e4 c6 2. d4 d5 3. exd5 cxd5 4. c4 Nf6 5. Nc3 Nc6 6. Nf3 Bg4 7. cxd5 Nxd5 8.
Be2 e6 9. O-O Be7 10. h3 Bh5 11. a3 O-O 12. Ne4 Qb6 13. g4 Bg6 14. Ng3 Bf6 15.
h4 h6 16. h5 Bh7 17. g5 hxg5 18. Nxg5 Nxd4 19. Nxh7 Nxe2+ 20. Qxe2 Kxh7 21.
Qe4+ Kg8 22. Kg2 Bd4 23. Qg4 Nf6 24. Qg5 Qc6+ 25. f3 Qc2+ 26. Kh3 Rfd8 27. Re1
Rd5 28. Qh4 Bf2 29. Bg5 Bxg3 30. Kxg3 Qf5 31. Bxf6 gxf6 32. Qg4+ Kh7 33. Qxf5+
Rxf5 34. Rac1 Rg8+ 35. Kf2 Rxh5 36. Rc7 Rh2+ 37. Ke3 Rg5 38. Rb1 Re5+ 39. Kf4
Rb5 40. b4 Kg6 41. Rg1+ Rg5 42. Rd1 Re2 43. Rc5 e5+ 0-1

[Event "XXXIV Memorial Edoardo Crespi A"]
[Site "Milano ITA"]
[Date "2013.12.07"]
[Round "4"]
[White "Rossi, Giampiero"]
[Black "Barberi, Alessandro"]
[WhiteElo "1900"]
[BlackElo "2041"]
[Result "0-1"]
[PlyCount "106"]
[EventDate "2013.12.04"]

1. d4 g6 2. c4 Bg7 3. Nc3 f5 4. g3 Nf6 5. Bg2 O-O 6. Nf3 d6 7. O-O c6 8. b3 Qa5
9. Bb2 e5 10. Qd2 Na6 11. Rfd1 Bd7 12. dxe5 dxe5 13. Nd5 Qxd2 14. Nxf6+ Bxf6
15. Rxd2 Be6 16. Bxe5 Bxe5 17. Nxe5 f4 18. gxf4 Rxf4 19. e3 Rff8 20. Rd6 Rae8
21. Rad1 Kg7 22. R1d2 Bc8 23. Nd3 Re7 24. a3 Nc7 25. b4 Be6 26. Nb2 a6 27. Bf1
Rf5 28. f4 Rf8 29. Nd1 Bf5 30. Kg2 Bg4 31. Be2 Bxe2 32. Rxe2 Ne8 33. Rd4 Nf6
34. Red2 Ng4 35. Rd7 Rff7 36. Rxe7 Rxe7 37. Rd3 Re4 38. c5 Rc4 39. h3 Nf6 40.
Rc3 Re4 41. Kf2 Nd5 42. Rd3 Rc4 43. Kf3 a5 44. Nb2 Rc2 45. Rb3 axb4 46. axb4
Kf6 47. e4 Nc7 48. Ke3 Nb5 49. Nd3 Rg2 50. Kf3 Rh2 51. Kg3 Re2 52. Nf2 h5 53.
Kf3 Nd4+ 0-1

[Event "XXXIV Memorial Edoardo Crespi A"]
[Site "Milano ITA"]
[Date "2013.12.07"]
[Round "4"]
[White "Saffioti, Cristian"]
[Black "Miracola, Giorgia"]
[WhiteElo "1887"]
[BlackElo "1866"]
[Result "1/2-1/2"]
[PlyCount "79"]
[EventDate "2013.12.04"]

1. e4 c5 2. Nc3 e6 3. Nf3 d6 4. d4 cxd4 5. Nxd4 Nf6 6. Be3 a6 7. f3 Be7 8. Qd2
O-O 9. O-O-O b5 10. g4 b4 11. Nce2 a5 12. g5 Nfd7 13. Nb5 Ne5 14. Ned4 a4 15.
Be2 d5 16. exd5 exd5 17. b3 axb3 18. cxb3 Qa5 19. Kb1 Nec6 20. Rc1 Nxd4 21.
Nxd4 Bc5 22. Rxc5 Qxc5 23. Ne6 Qa5 24. Nxf8 Bf5+ 25. Ka1 d4 26. Bxd4 Nc6 27.
Bb6 Qxb6 28. Nd7 Qa7 29. Nf6+ gxf6 30. gxf6 Qd4+ 31. Qxd4 Nxd4 32. Rg1+ Kf8 33.
Bc4 Nc2+ 34. Kb2 Ne3 35. Rg5 Rd8 36. a4 Rd2+ 37. Ka1 Bg6 38. Rc5 Ke8 39. Re5+
Kd7 40. Rxe3 1/2-1/2

[Event "XXXIV Memorial Edoardo Crespi A"]
[Site "Milano ITA"]
[Date "2013.12.07"]
[Round "4"]
[White "Spirliadis, Achileas"]
[Black "Bonassi, Tommaso"]
[WhiteElo "2053"]
[BlackElo "1970"]
[Result "1-0"]
[PlyCount "45"]
[EventDate "2013.12.04"]

1. e4 c5 2. c3 b6 3. d4 Bb7 4. Bd3 Nf6 5. Qe2 g6 6. Nf3 Bg7 7. O-O O-O 8. e5
Nd5 9. Be4 Qc7 10. c4 Nb4 11. Bxb7 Qxb7 12. a3 N4c6 13. d5 Nd8 14. Nc3 a6 15.
Bf4 f6 16. exf6 Bxf6 17. Bh6 Re8 18. Ne4 Rf8 19. Bxf8 Kxf8 20. Nxf6 exf6 21.
Rfe1 Nf7 22. Qe8+ Kg7 23. Re7 1-0

[Event "XXXIV Memorial Edoardo Crespi A"]
[Site "Milano ITA"]
[Date "2013.12.07"]
[Round "4"]
[White "Tagliaferri, Valerio"]
[Black "Oteri, Aldo"]
[WhiteElo "1874"]
[BlackElo "1776"]
[Result "1-0"]
[PlyCount "42"]
[EventDate "2013.12.04"]

1. d4 Nf6 2. c4 d6 3. Nc3 g6 4. Bg5 Bg7 5. Nf3 O-O 6. e3 c5 7. Be2 b6 8. O-O
Bb7 9. Qc2 Na6 10. a3 Rc8 11. d5 h6 12. Bh4 Nc7 13. Nd2 e6 14. e4 exd5 15. exd5
Re8 16. Rae1 Qd7 17. h3 g5 18. Bg3 Re7 19. Nde4 Nxe4 20. Nxe4 Be5 21. Bxe5 Ne8
1-0

[Event "XXXIV Memorial Edoardo Crespi A"]
[Site "Milano ITA"]
[Date "2013.12.07"]
[Round "4"]
[White "Villalba, Fernando"]
[Black "Saffioti, Massimo"]
[WhiteElo "1835"]
[BlackElo "1923"]
[Result "1/2-1/2"]
[PlyCount "105"]
[EventDate "2013.12.04"]

1. d4 Nf6 2. Nf3 e6 3. Bf4 Be7 4. h3 b6 5. c3 O-O 6. e3 d6 7. Be2 Nbd7 8. Nbd2
d5 9. O-O c5 10. Rc1 c4 11. a3 Nh5 12. Bh2 f5 13. Ne5 Nxe5 14. dxe5 g6 15. Bxh5
gxh5 16. Qxh5 Rf7 17. Rcd1 Qf8 18. Bf4 Kh8 19. Nf3 Qg8 20. Nd4 Bd7 21. Qf3 Qg6
22. Kh1 Rg7 23. Rg1 Rag8 24. g4 fxg4 25. Rxg4 Qh5 26. Rdg1 Rxg4 27. Rxg4 Rxg4
28. Qxg4 Qxg4 29. hxg4 a5 30. Kg2 b5 31. Kf3 b4 32. cxb4 axb4 33. axb4 Bxb4 34.
Bg5 Bd2 35. Ne2 Kg8 36. Be7 Kf7 37. Bc5 Ba4 38. Nc3 Bxc3 39. bxc3 Bc2 40. Kf4
Kg6 41. Bd6 Bd3 42. Be7 Bc2 43. Kg3 Bd3 44. Ba3 h5 45. f3 hxg4 46. Kxg4 Bc2 47.
Kf4 Bd3 48. Be7 Bc2 49. Kg3 Kf5 50. Bf6 Bb3 51. Kf2 Bd1 52. Bh8 Bc2 53. Ke1
1/2-1/2

[Event "XXXIV Memorial Edoardo Crespi A"]
[Site "Milano ITA"]
[Date "2013.12.07"]
[Round "4"]
[White "Virzi, Ettore"]
[Black "Baltzopoulos, Giorgos"]
[WhiteElo "1973"]
[BlackElo "1975"]
[Result "1/2-1/2"]
[PlyCount "92"]
[EventDate "2013.12.04"]

1. e4 c5 2. Nf3 d6 3. d4 cxd4 4. Nxd4 Nf6 5. Nc3 a6 6. Bg5 e6 7. f4 Nbd7 8. Qf3
Qc7 9. O-O-O b5 10. Bd3 Bb7 11. Rhe1 Qb6 12. Nd5 Qxd4 13. Bxf6 gxf6 14. Bxb5
Qc5 15. b4 Qxb5 16. Nc7+ Ke7 17. Nxb5 axb5 18. Qd3 Ra6 19. Qxb5 Rb6 20. Qh5
Rxb4 21. a3 Rb6 22. e5 d5 23. Rd3 Rg8 24. Qxh7 Rg6 25. Rc3 Bh6 26. g3 fxe5 27.
Rc7 Rf6 28. Rxe5 Kd6 29. Rxd7+ Kxd7 30. Rh5 Bf8 31. Qh8 Bxa3+ 32. Kd2 Bb4+ 33.
c3 Be7 34. Qb8 Bd6 35. Qg8 Ba6 36. Rh8 Rb8 37. Qg7 Rxh8 38. Qxh8 Rg6 39. Qa8
Bc4 40. Qa7+ Bc7 41. Qa4+ Kd8 42. Qa8+ Ke7 43. Qa7 Kd6 44. Qa3+ Kd7 45. Qa4+
Kd8 46. Qa8+ Kd7 1/2-1/2

[Event "XXXIV Memorial Edoardo Crespi A"]
[Site "Milano ITA"]
[Date "2013.12.07"]
[Round "5"]
[White "Barberi, Alessandro"]
[Black "Virzi, Ettore"]
[WhiteElo "2041"]
[BlackElo "1973"]
[Result "1/2-1/2"]
[PlyCount "36"]
[EventDate "2013.12.04"]

1. g3 Nf6 2. Bg2 g6 3. e4 d6 4. Ne2 c5 5. d4 cxd4 6. Nxd4 Bg7 7. O-O O-O 8. h3
Qb6 9. Nb3 Nc6 10. Be3 Qc7 11. Nc3 a6 12. g4 Be6 13. f4 Bxb3 14. cxb3 e6 15.
Rf2 Rfe8 16. Rc1 d5 17. e5 Nd7 18. Rd2 Bf8 1/2-1/2

[Event "XXXIV Memorial Edoardo Crespi A"]
[Site "Milano ITA"]
[Date "2013.12.07"]
[Round "5"]
[White "Beltrami, Francesco"]
[Black "Murli, Almerico"]
[WhiteElo "1883"]
[BlackElo "1817"]
[Result "1/2-1/2"]
[PlyCount "84"]
[EventDate "2013.12.04"]

1. Nf3 g6 2. g3 Bg7 3. Bg2 Nf6 4. d4 O-O 5. Nbd2 d6 6. e4 Nbd7 7. O-O e5 8. Re1
c6 9. Nc4 Qc7 10. dxe5 dxe5 11. Qd6 Ne8 12. Qxc7 Nxc7 13. Nd6 Ne8 14. Nxc8 Rxc8
15. Be3 Nef6 16. Rad1 Rfd8 17. Nd2 Ng4 18. Nb3 Nxe3 19. Rxe3 Nf8 20. Red3 Rxd3
21. Rxd3 b6 22. Bh3 Rc7 23. c4 c5 24. Nc1 Ne6 25. Bxe6 fxe6 26. Ne2 Bh6 27. b3
Kf7 28. Kf1 Ke7 29. Nc3 Rd7 30. Ke2 a6 31. Nd1 Rd4 32. f3 Kd6 33. g4 Bf4 34. h3
Kc6 35. Ne3 Bxe3 36. Kxe3 g5 37. Kd2 h6 38. a3 Rxd3+ 39. Kxd3 a5 40. Ke3 Kd6
41. Kf2 Ke7 42. Ke1 Kd6 1/2-1/2

[Event "XXXIV Memorial Edoardo Crespi A"]
[Site "Milano ITA"]
[Date "2013.12.07"]
[Round "5"]
[White "Bonassi, Tommaso"]
[Black "Villalba, Fernando"]
[WhiteElo "1970"]
[BlackElo "1835"]
[Result "0-1"]
[PlyCount "74"]
[EventDate "2013.12.04"]

1. e4 c5 2. Nf3 Nc6 3. d4 cxd4 4. Nxd4 g6 5. Nxc6 bxc6 6. Qd4 Nf6 7. e5 Nd5 8.
e6 f6 9. exd7+ Qxd7 10. Bd3 Bg7 11. O-O O-O 12. f4 f5 13. Qc4 Qc7 14. Nc3 e6
15. Ne2 a5 16. Qa4 Rb8 17. c3 Rd8 18. Bc4 Qa7+ 19. Kh1 Bd7 20. Qc2 Qc5 21. b3
Qd6 22. Bd2 Qe7 23. Rae1 Nb6 24. Bd3 c5 25. c4 Bc6 26. Bxa5 Qb7 27. Rf2 Rd6 28.
Bc3 Rbd8 29. Bxg7 Rxd3 30. Bf6 Rd2 31. Qc1 R8d3 32. Bc3 Rxa2 33. Qb1 Rxe2 34.
Rexe2 Rxc3 35. Rxe6 Be4 36. Qd1 Qd7 37. Qe1 Rxb3 0-1

[Event "XXXIV Memorial Edoardo Crespi A"]
[Site "Milano ITA"]
[Date "2013.12.07"]
[Round "5"]
[White "Brambilla, Luca Massimo"]
[Black "Saffioti, Cristian"]
[WhiteElo "1704"]
[BlackElo "1887"]
[Result "1/2-1/2"]
[PlyCount "58"]
[EventDate "2013.12.04"]

1. d4 Nf6 2. c4 g6 3. Nc3 d5 4. Nf3 Bg7 5. Bf4 O-O 6. e3 c6 7. Be2 Nh5 8. Be5
f6 9. Bxb8 Rxb8 10. Nh4 e5 11. Bxh5 gxh5 12. cxd5 exd4 13. Qxd4 Bg4 14. Nf3 f5
15. Qxa7 f4 16. e4 cxd5 17. Nxd5 Re8 18. O-O Rxe4 19. Rad1 Re8 20. Nxf4 Qc8 21.
Qa5 b5 22. Qd2 Kh8 23. h3 Bxf3 24. gxf3 Qf5 25. Ng2 Qxh3 26. f4 Rg8 27. Qd3 Qg4
28. Qd7 Qg6 29. Qd3 Qg4 1/2-1/2

[Event "XXXIV Memorial Edoardo Crespi A"]
[Site "Milano ITA"]
[Date "2013.12.07"]
[Round "5"]
[White "Ciciotti, Augusto"]
[Black "Moreschi, Mauro"]
[WhiteElo "1934"]
[BlackElo "1811"]
[Result "1-0"]
[PlyCount "67"]
[EventDate "2013.12.04"]

1. d4 Nf6 2. c4 b6 3. Nf3 Bb7 4. g3 e6 5. Bg2 Be7 6. O-O O-O 7. Nc3 d6 8. Qc2
Nbd7 9. Rd1 Qc8 10. e4 Rd8 11. h3 c5 12. d5 e5 13. Nh4 g6 14. f4 Nh5 15. Qf2
Bf6 16. Nf3 Ba6 17. Bf1 Re8 18. Re1 Qd8 19. f5 Kh8 20. Kh2 g5 21. Kg2 Rg8 22.
Nh2 h6 23. Qf3 Ng7 24. Ng4 Kh7 25. h4 Be7 26. Bd3 h5 27. Rh1 gxh4 28. Nh6 Rf8
29. Qe3 Qe8 30. Bd2 Nf6 31. Rxh4 Ng4 32. Nxg4 Bxh4 33. Qh6+ Kg8 34. f6 1-0

[Event "XXXIV Memorial Edoardo Crespi A"]
[Site "Milano ITA"]
[Date "2013.12.07"]
[Round "5"]
[White "D'Agostino, Maurizio"]
[Black "Cerutti, Fabio Maria"]
[WhiteElo "2024"]
[BlackElo "1772"]
[Result "1/2-1/2"]
[PlyCount "84"]
[EventDate "2013.12.04"]

1. c4 c5 2. g3 g6 3. Bg2 Bg7 4. e3 Nc6 5. Ne2 e6 6. Nbc3 Nge7 7. O-O O-O 8. d4
cxd4 9. exd4 d5 10. cxd5 Nxd5 11. Nxd5 exd5 12. Be3 Be6 13. Nf4 Qb6 14. Nxe6
fxe6 15. Qg4 Rfe8 16. Rfd1 Rac8 17. h4 Ne7 18. h5 Rc2 19. hxg6 Nxg6 20. b3 Qa5
21. Bf3 Rxa2 22. Rxa2 Qxa2 23. Kg2 Kf7 24. Rc1 Qa5 25. Bg5 Qb6 26. Qh5 Rh8 27.
Bf4 Bf6 28. Rc7+ Be7 29. Qh6 Nxf4+ 30. Qxf4+ Ke8 31. Rc8+ Bd8 32. Qe3 Kd7 33.
Rc3 Bf6 34. Qf4 Bxd4 35. Rd3 Bb2 36. Bxd5 exd5 37. Qf7+ Kc8 38. Rxd5 Rd8 39.
Rf5 Qc6+ 40. Kh2 Qh6+ 41. Kg2 Qc6+ 42. Kh2 Qh6+ 1/2-1/2

[Event "XXXIV Memorial Edoardo Crespi A"]
[Site "Milano ITA"]
[Date "2013.12.07"]
[Round "5"]
[White "Di Lascio, Savino"]
[Black "Ranfagni, Stefano"]
[WhiteElo "1893"]
[BlackElo "2015"]
[Result "0-1"]
[PlyCount "120"]
[EventDate "2013.12.04"]

1. e4 e5 2. Nf3 Nc6 3. d4 exd4 4. Nxd4 Nf6 5. Nxc6 bxc6 6. Bd3 Bc5 7. Nc3 O-O
8. Na4 Bb4+ 9. c3 Be7 10. Be3 d5 11. Qc2 dxe4 12. Bxe4 Nxe4 13. Qxe4 Be6 14.
O-O Bd5 15. Qd3 Bd6 16. c4 Be6 17. Qe4 Re8 18. Qxc6 Bd7 19. Qa6 Qh4 20. g3 Qe4
21. Nc5 Bxc5 22. Bxc5 Bh3 23. f3 Qe5 24. Qa3 Bxf1 25. Rxf1 h5 26. Bf2 Reb8 27.
b3 a5 28. Re1 Qc3 29. Qc5 a4 30. Kg2 axb3 31. axb3 Qxb3 32. Re7 Qc2 33. Qd5 Qg6
34. Rxc7 Ra2 35. Rb7 Re8 36. Re7 Rxe7 37. Qd8+ Kh7 38. Qxe7 Qc2 39. Qc5 g6 40.
Qd4 Ra4 41. g4 Qxc4 42. Qxc4 Rxc4 43. gxh5 gxh5 44. Kg3 Kg6 45. h4 Kf5 46. Be3
Rc8 47. Bd2 Rg8+ 48. Kf2 Ke5 49. Bc3+ Kd5 50. Ke3 Rg6 51. Kf4 Kc4 52. Be5 Kd3
53. Bb2 Ke2 54. Ke4 Rb6 55. Bd4 Rb4 56. f4 Rxd4+ 57. Kxd4 Kf3 58. Ke5 Kg4 59.
f5 Kxh4 60. Kf4 f6 0-1

[Event "XXXIV Memorial Edoardo Crespi A"]
[Site "Milano ITA"]
[Date "2013.12.07"]
[Round "5"]
[White "Dogic, Mirhad"]
[Black "Pedroni, Marco"]
[WhiteElo "1801"]
[BlackElo "1923"]
[Result "1-0"]
[PlyCount "67"]
[EventDate "2013.12.04"]

1. d4 d5 2. f4 Nf6 3. e3 e6 4. Nf3 c5 5. c3 Nc6 6. Be2 Be7 7. O-O O-O 8. Ne5
Nxe5 9. fxe5 Ne4 10. Nd2 f5 11. Nxe4 fxe4 12. Bd2 c4 13. b3 b5 14. a4 Bd7 15.
Bg4 bxa4 16. bxc4 dxc4 17. Qc2 Qc8 18. Qxe4 Bc6 19. Qc2 Rxf1+ 20. Kxf1 Bg5 21.
Bc1 Qe8 22. Qe2 Rb8 23. Kg1 Qg6 24. Qxc4 Bxe3+ 25. Bxe3 Qe4 26. Qe2 Rb1+ 27.
Rxb1 Qxb1+ 28. Kf2 Bd5 29. c4 a3 30. cxd5 Qb2 31. Bxe6+ Kf8 32. d6 h6 33. Bc4
a5 34. e6 1-0

[Event "XXXIV Memorial Edoardo Crespi A"]
[Site "Milano ITA"]
[Date "2013.12.07"]
[Round "5"]
[White "Malescusi, Luciano"]
[Black "Laurino, Alberto"]
[WhiteElo "1884"]
[BlackElo "1787"]
[Result "1-0"]
[PlyCount "53"]
[EventDate "2013.12.04"]

1. d4 Nf6 2. Bf4 d6 3. e3 a6 4. Nf3 e6 5. Be2 d5 6. Bd3 Bd6 7. Bg3 Nc6 8. c3
Ne7 9. Nbd2 Ng6 10. Ne5 Be7 11. f4 c6 12. O-O Nd7 13. Ndf3 Ndxe5 14. Nxe5 Nxe5
15. fxe5 O-O 16. Qh5 g6 17. Qg4 f5 18. exf6 Rxf6 19. Be5 Rxf1+ 20. Rxf1 Qe8 21.
Rf3 Bf8 22. Rf6 Bg7 23. Bxg6 Qd8 24. Bxh7+ Kh8 25. Qh5 Bxf6 26. Bg6+ Kg7 27.
Qh7+ 1-0

[Event "XXXIV Memorial Edoardo Crespi A"]
[Site "Milano ITA"]
[Date "2013.12.07"]
[Round "5"]
[White "Marincolo, Piercarlo"]
[Black "Pedemonte, Claudio"]
[WhiteElo "1905"]
[BlackElo "1846"]
[Result "1-0"]
[PlyCount "95"]
[EventDate "2013.12.04"]

1. e4 d6 2. d4 Nf6 3. Nc3 g6 4. f3 c6 5. Be3 Bg7 6. Bd3 Nbd7 7. Qd2 b5 8. h4 b4
9. Nce2 Qa5 10. Nh3 c5 11. c3 bxc3 12. bxc3 Nb6 13. Kf2 c4 14. Bc2 Bd7 15. g4
Na4 16. Rab1 O-O 17. Rb4 Rab8 18. Rhb1 Rxb4 19. Rxb4 Nb6 20. Kg3 Qxa2 21. Nhf4
Qa1 22. Rb1 Qa6 23. g5 Ne8 24. h5 Qa5 25. Nh3 f5 26. hxg6 hxg6 27. Nef4 fxe4
28. Bxe4 Bf5 29. Nxg6 Bxg6 30. Bxg6 Nd5 31. Rc1 Nec7 32. Qe2 Qb5 33. f4 e6 34.
Nf2 Ne7 35. Bc2 Nf5+ 36. Kh2 Qe8 37. Bd2 Nd5 38. Rd1 Nc7 39. Qg4 Qg6 40. Rb1 a5
41. Rb7 Qf7 42. Ne4 Qe7 43. Nf6+ Kh8 44. Bxf5 Bxf6 45. gxf6 Rxf6 46. Rb8+ Ne8
47. Qh5+ Kg7 48. Rxe8 1-0

[Event "XXXIV Memorial Edoardo Crespi A"]
[Site "Milano ITA"]
[Date "2013.12.07"]
[Round "5"]
[White "Miracola, Giorgia"]
[Black "Donadi, Luca"]
[WhiteElo "1866"]
[BlackElo "1750"]
[Result "0-1"]
[PlyCount "42"]
[EventDate "2013.12.04"]

1. e4 e5 2. Nf3 Nf6 3. Nxe5 d6 4. Nf3 Nxe4 5. Nc3 Nxc3 6. dxc3 Be7 7. Bf4 Nc6
8. Qd2 Be6 9. a3 h6 10. h4 Bf6 11. O-O-O Qd7 12. h5 O-O-O 13. Bb5 a6 14. Bd3
Rhe8 15. Ng1 Na5 16. Ne2 Nc4 17. Bxc4 Bxc4 18. Be3 Bg5 19. Rh3 Qg4 20. Nd4 Qxg2
21. Rg3 Qxg3 0-1

[Event "XXXIV Memorial Edoardo Crespi A"]
[Site "Milano ITA"]
[Date "2013.12.07"]
[Round "5"]
[White "Monticone, Sonia"]
[Black "Rossi, Giampiero"]
[WhiteElo "1830"]
[BlackElo "1900"]
[Result "1-0"]
[PlyCount "53"]
[EventDate "2013.12.04"]

1. c4 e6 2. Nc3 d5 3. d4 c6 4. e3 Nf6 5. Nf3 Be7 6. Bd3 Nbd7 7. O-O O-O 8. Re1
b6 9. e4 Bb7 10. e5 Ne8 11. cxd5 cxd5 12. Qc2 g6 13. Bh6 Ng7 14. Rac1 Rc8 15.
Qe2 Nb8 16. g3 Qd7 17. h4 Bc6 18. h5 Rfe8 19. hxg6 hxg6 20. Kg2 Nf5 21. Qd2
Nxh6 22. Qxh6 Bf8 23. Qh3 Bg7 24. Rh1 Kf8 25. Qh4 Qd8 26. Ng5 Nd7 27. Qf4 1-0

[Event "XXXIV Memorial Edoardo Crespi A"]
[Site "Milano ITA"]
[Date "2013.12.07"]
[Round "5"]
[White "Montilli, Vincenzo"]
[Black "Darvishi, Mahmood"]
[WhiteElo "2039"]
[BlackElo "2035"]
[Result "1/2-1/2"]
[PlyCount "194"]
[EventDate "2013.12.04"]

1. d4 d5 2. c4 e6 3. Nc3 c5 4. cxd5 exd5 5. Nf3 Nc6 6. g3 Nf6 7. Bg2 Be7 8. O-O
c4 9. h3 O-O 10. Ne5 Re8 11. Re1 Bb4 12. Nxc6 bxc6 13. Bd2 Bf5 14. Qa4 Qb6 15.
e3 h5 16. Rac1 Bd3 17. b3 cxb3 18. axb3 a5 19. Qa2 Re6 20. Na4 Qb5 21. Nc5 Ree8
22. Bxb4 axb4 23. Qd2 Bf5 24. Bf1 Qb6 25. f3 Ra7 26. g4 Bg6 27. Bd3 Rae7 28.
Kg2 Qb8 29. Na6 Qd6 30. Nxb4 h4 31. f4 Bxd3 32. Nxd3 Ne4 33. Qc2 Rc7 34. b4 f6
35. Ra1 Qe7 36. Ra6 Rec8 37. Nc5 Nd6 38. Ra3 Nb5 39. Rd3 Ra7 40. Qf2 g5 41.
fxg5 fxg5 42. Qf5 Ra2+ 43. Kg1 Rf8 44. Qg6+ Kh8 45. Rf1 Rxf1+ 46. Kxf1 Nc7 47.
e4 dxe4 48. Nxe4 Nd5 49. Qh6+ Kg8 50. Qxg5+ Qxg5 51. Nxg5 Nxb4 52. Re3 Nd5 53.
Re2 Ra4 54. Rd2 Ra3 55. Kg2 Kg7 56. Rf2 Rd3 57. Ne6+ Kg8 58. g5 Kh7 59. Nf8+
Kg7 60. g6 Kg8 61. Ne6 Rg3+ 62. Kh2 Rxg6 63. Rf8+ Kh7 64. Rf7+ Kh6 65. Nf8 Rg7
66. Rxg7 Kxg7 67. Nd7 Ne7 68. Ne5 Kf6 69. Kg2 Kf5 70. Kf3 c5 71. Nc4 cxd4 72.
Nd6+ Ke6 73. Ne4 Ke5 74. Nd2 Kf5 75. Ne4 Nc6 76. Nd6+ Ke6 77. Ne4 Ne5+ 78. Kf4
Kd5 79. Nf6+ Ke6 80. Ne4 Nf7 81. Nf2 Nd6 82. Nd3 Kd5 83. Kg4 Ke4 84. Nc5+ Ke3
85. Kxh4 Ne4 86. Nb3 d3 87. Na5 Kd4 88. Nc6+ Kc5 89. Na5 Kb4 90. Nc6+ Ka4 91.
Ne5 d2 92. Nc4 Kb4 93. Nxd2 Nxd2 94. Kg4 Ne4 95. h4 Kc4 96. Kf4 Nf6 97. Kg5
Ne4+ 1/2-1/2

[Event "XXXIV Memorial Edoardo Crespi A"]
[Site "Milano ITA"]
[Date "2013.12.07"]
[Round "5"]
[White "Oteri, Aldo"]
[Black "Delledonne, Francesco"]
[WhiteElo "1776"]
[BlackElo "1935"]
[Result "1-0"]
[PlyCount "99"]
[EventDate "2013.12.04"]

1. e4 c5 2. Nf3 d6 3. d4 cxd4 4. Nxd4 Nf6 5. Nc3 a6 6. Bg5 e6 7. f4 Qb6 8. a3
Nbd7 9. Bc4 Be7 10. b4 O-O 11. Nf3 Qe3+ 12. Ne2 Nxe4 13. Qd4 Qxd4 14. Nexd4
Nxg5 15. fxg5 b5 16. Bd3 Bb7 17. c4 bxc4 18. Bxc4 Ne5 19. Be2 Nxf3+ 20. Bxf3
Bxf3 21. Nxf3 a5 22. Kd2 d5 23. b5 a4 24. h4 Bc5 25. Rhc1 Rfc8 26. Kd3 Bd6 27.
Rc6 Rxc6 28. bxc6 Rc8 29. Rc1 Bxa3 30. Ra1 Bf8 31. Rxa4 Rxc6 32. Ra8 Rc7 33. h5
g6 34. h6 f6 35. Nd4 Kf7 36. Rxf8+ Kxf8 37. Nxe6+ Kf7 38. Nxc7 fxg5 39. Nxd5 g4
40. Ke4 Ke6 41. g3 g5 42. Ne3 Kf6 43. Nxg4+ Kg6 44. Ke5 Kh5 45. Nf6+ Kxh6 46.
Kf5 Kg7 47. Kxg5 Kh8 48. Nxh7 Kxh7 49. Kf6 Kg8 50. Kg6 1-0

[Event "XXXIV Memorial Edoardo Crespi A"]
[Site "Milano ITA"]
[Date "2013.12.07"]
[Round "5"]
[White "Paganini, Andrea"]
[Black "Bisignano, Giuseppe"]
[WhiteElo "1878"]
[BlackElo "1922"]
[Result "1-0"]
[PlyCount "105"]
[EventDate "2013.12.04"]

1. e4 e5 2. Nf3 Nf6 3. Nc3 Nc6 4. g3 d5 5. exd5 Nxd5 6. Bg2 Be6 7. O-O Nxc3 8.
bxc3 Bd6 9. Rb1 Rb8 10. a4 O-O 11. Re1 f5 12. d3 Qf6 13. Ng5 Kh8 14. Nxe6 Qxe6
15. d4 Qa2 16. Bg5 Qxa4 17. Qe2 e4 18. Ra1 Nxd4 19. Rxa4 Nxe2+ 20. Rxe2 a6 21.
f3 h6 22. Bf4 Bc5+ 23. Kh1 Rbd8 24. Ra1 exf3 25. Bxf3 c6 26. h4 Ra8 27. Re5 Bd6
28. Re6 Bc5 29. Bd6 Bxd6 30. Rxd6 Rfe8 31. Kg2 a5 32. Ra3 Re5 33. Rd7 Rb5 34.
Rb3 a4 35. Rxb5 cxb5 36. Bxb7 Re8 37. Kf2 a3 38. Rd1 Re7 39. Rd8+ Kh7 40. Bd5
Rc7 41. h5 g6 42. hxg6+ Kxg6 43. Rd6+ Kg5 44. Bb3 Rxc3 45. Ra6 b4 46. Ra4 Rc5
47. Rxb4 Ra5 48. Ba2 h5 49. c4 f4 50. Rb5+ Kg4 51. Rxa5 fxg3+ 52. Kg1 h4 53. c5
1-0

[Event "XXXIV Memorial Edoardo Crespi A"]
[Site "Milano ITA"]
[Date "2013.12.07"]
[Round "5"]
[White "Papale, Carmelo"]
[Black "Pecorario, Stefano"]
[WhiteElo "1838"]
[BlackElo "1800"]
[Result "0-1"]
[PlyCount "78"]
[EventDate "2013.12.04"]

1. e4 e5 2. Nf3 Nc6 3. Bb5 a6 4. Ba4 d6 5. O-O Nf6 6. Re1 b5 7. Bb3 Be7 8. c3
Na5 9. Bc2 c5 10. h3 Nc6 11. d3 O-O 12. Nbd2 h6 13. Nf1 Nh7 14. Ne3 Ng5 15. Nd5
Nxf3+ 16. Qxf3 f5 17. exf5 Bxf5 18. Ne3 Bd7 19. Qd5+ Kh8 20. d4 Rf6 21. Qe4 g6
22. dxc5 dxc5 23. Rd1 Qc8 24. a4 Be6 25. Nd5 Bxd5 26. Rxd5 Qf8 27. Be3 Qf7 28.
Rad1 Rc8 29. Rd7 Nd8 30. Qxe5 Ne6 31. Bxh6 Kh7 32. Be3 Re8 33. Be4 Nf4 34. Bxf4
Rxf4 35. Rb7 Kh6 36. Bc6 Qc4 37. Rxe7 Qxa4 38. Kh2 Rxe7 39. Qh8+ Rh7 0-1

[Event "XXXIV Memorial Edoardo Crespi A"]
[Site "Milano ITA"]
[Date "2013.12.07"]
[Round "5"]
[White "Podetti, Davide"]
[Black "Piantoni, Pierino"]
[WhiteElo "1802"]
[BlackElo "1898"]
[Result "1-0"]
[PlyCount "71"]
[EventDate "2013.12.04"]

1. e4 e6 2. d4 d5 3. Nc3 Bb4 4. e5 c5 5. Bd2 Ne7 6. Nb5 Bxd2+ 7. Qxd2 O-O 8. f4
a6 9. Nd6 cxd4 10. Nf3 Nbc6 11. Bd3 f6 12. O-O fxe5 13. fxe5 Nf5 14. Bxf5 exf5
15. Rfe1 Be6 16. Nxd4 Nxd4 17. Qxd4 Qc7 18. c3 b6 19. Rad1 Qc5 20. a3 Ra7 21.
b4 Qc6 22. Rc1 Rc7 23. Rf1 g6 24. g4 fxg4 25. Rxf8+ Kxf8 26. Rf1+ Bf5 27. Qxg4
Rg7 28. Qg5 Qd7 29. Qe3 Qd8 30. Qd3 Qa8 31. Qd4 Qc6 32. Kh1 Kg8 33. Nxf5 gxf5
34. Rxf5 Qd7 35. Rf6 Rf7 36. e6 1-0

[Event "XXXIV Memorial Edoardo Crespi A"]
[Site "Milano ITA"]
[Date "2013.12.07"]
[Round "5"]
[White "Prevedello, Daniele"]
[Black "Mouflih, Caesar Faycal"]
[WhiteElo "1769"]
[BlackElo "2026"]
[Result "0-1"]
[PlyCount "62"]
[EventDate "2013.12.04"]

1. d4 d6 2. c4 Nf6 3. Nc3 g6 4. e4 Bg7 5. f3 c6 6. Be3 Nbd7 7. Qd2 a6 8. Bh6
Bxh6 9. Qxh6 b5 10. d5 bxc4 11. dxc6 Ne5 12. Nd5 Nxd5 13. exd5 Bf5 14. Qe3 Qa5+
15. Qd2 Qc5 16. Rc1 Nd3+ 17. Bxd3 Bxd3 18. Ne2 Qxd5 19. Nf4 Qe5+ 20. Kd1 O-O
21. Re1 Qb5 22. Nxd3 cxd3 23. Rxe7 Rab8 24. b3 Rfc8 25. Qc3 Qg5 26. Re4 d5 27.
Rg4 Qe3 28. Qd2 Qg1+ 29. Qe1 Qb6 30. Qc3 Re8 31. Kd2 Qe3+ 0-1